| 000 | 00444 a2200181 4500 | ||
|---|---|---|---|
| 005 | 20250508164334.0 | ||
| 008 | 250428b |||||||| |||| 00| 0 eng d | ||
| 020 |
_a9789356090163 _cRs. 2495.00 |
||
| 040 | _aMAIN | ||
| 082 |
_a631.4 _bN629S |
||
| 100 | _a Niranjan Singh | ||
| 245 | _aSoil analysis | ||
| 260 |
_bArihant Books _c2023 _aNew Delhi |
||
| 300 | _avi, 280 | ||
| 650 | _aSoil Science | ||
| 650 | _aSoil Microbes | ||
| 942 | _cBK | ||
| 999 |
_c359336 _d359336 |
||